Normal view
MARC view
Entry Nombre personal
001 - NÚMERO DE CONTROL
- campo de control: 1050
003 - IDENTIFICADOR DE NÚMERO DE CONTROL
- campo de control: AR-BaBN
005 - FECHA Y HORA DE LA ÚLTIMA TRANSACCIÓN
- campo de control: 20260415093843.0
008 - ELEMENTOS DE DATO DE LONGITUD-FIJA
- campo de control de longitud fija: 161004nn acznnaabn a aaa
016 7# - NÚMERO DE CONTROL DE UNA AGENCIA BIBLIOGRÁFICA NACIONAL
- Número de control del registro: 000043723
- Fuente: AR-BaBN
024 7# - IDENTIFICADOR DE OTROS ESTÁNDARES
- Número estándar o código: 58638132
- Fuente: viaf
- URI de un objeto del mundo real: http://viaf.org/viaf/58638132
040 ## - FUENTE DE CATALOGACIÓN
- Centro catalogador/agencia de origen: AR-BaBN
- Lengua de catalogación: spa
- Centro/agencia transcriptor: AR-BaBN
- Normas de descripción: aacr
043 ## - CÓDIGO DE ÁREA GEOGRÁFICA
- Código de área geográfica: s-ag---
- Código ISO: ar-b
046 ## - FECHAS CON CODIFICACIÓN ESPECIAL
- Fecha de nacimiento: 1897-12-25
- Fecha de la muerte: 1988
- Fuente del esquema de fecha: edtf
075 ## - TIPO DE ENTIDAD
- Término tipo de entidad: persona
- Fuente: rda
100 1# - ENCABEZAMIENTO-NOMBRE DE PERSONA
- Nombre de persona: Cárpena, Elías,
- Fechas asociadas al nombre: 1897-1988
370 ## - LUGAR ASOCIADO
- Lugar de nacimiento: Junín [Buenos Aires (Provincia)]
372 ## - CAMPO DE ACTIVIDAD
- Campo de actividad: Literatura
- Campo de actividad: Poesía
- Campo de actividad: Novela
- Campo de actividad: Cuento
- Campo de actividad: Bibliotecología
- Campo de actividad: Dibujo
374 ## - OCUPACIÓN
- Ocupación: Escritores
- Ocupación: Poetas
- Ocupación: Bibliotecarios
- Ocupación: Dibujantes
- Ocupación: Profesores universitarios
375 ## - GÉNERO/SEXO
- Género: Varón
377 ## - IDIOMA ASOCIADO
- Código del idioma: spa
- Término de lengua/lenguaje: español
400 1# - TRAZADO DE VÉASE--NOMBRE DE PERSONA
- Nombre de persona: Cárpena, Mario Elías,
- Fechas asociadas al nombre: 1897-1988
670 ## - FUENTE DE DATOS ENCONTRADOS
- Cita de la fuente: Defensa de Estanislao del Campo..., 1961:
- Información encontrada: port. (Elías Carpena)
670 ## - FUENTE DE DATOS ENCONTRADOS
- Cita de la fuente: Abad de Santillán, D. Gran encicl. argentina, 1956:
- Información encontrada: v.2 (Cárpena, Elías; escritor, n. en Junín, prov. de Buenos Aires, el 25 de dic. de 1897)
670 ## - FUENTE DE DATOS ENCONTRADOS
- Cita de la fuente: Paz, C. Efemérides lits. argentinas, 1997:
- Información encontrada: p. 396 (02 nov. 1988, m. Elías Cárpena, escritor y académico de Letras) p. 456 (23 dic. 1897, n. en Junín; dibujante)
670 ## - FUENTE DE DATOS ENCONTRADOS
- Cita de la fuente: Biblioteca Nacional de Argentina, 04 oct. 2016:
- Información encontrada: web (Mario Elías Cárpena; fue novelista, cuentista y poeta; profesor de Letras, bibliotecario y dibujante)
- Identificador Uniforme de Recurso: http://www.bn.gov.ar/abanico/autor/elias